[Event "Budapest FS04 FM-A"]
[Site "Budapest"]
[Date "2003.??.??"]
[Round "9"]
[White "Sallai, Kornel"]
[Black "Ambrosi, Eleonora"]
[Result "1/2-1/2"]
[WhiteElo "2190"]
[BlackElo "2060"]
[PlyCount "106"]
[EventDate "2003.04.05"]
[EventType "tourn"]
[EventRounds "13"]
[EventCountry "HUN"]
[SourceTitle "EXT 2005"]
[Source "ChessBase"]
[SourceDate "2004.11.15"]
[SourceVersion "1"]
[SourceVersionDate "2004.11.15"]
[SourceQuality "1"]

1. e4 c5 2. Nf3 e6 3. d4 cxd4 4. Nxd4 a6 5. Bd3 Qc7 6. Nc3 Nc6 7. Nxc6 bxc6 8. 0-0 Nf6 9. Qe2 d5 10. exd5 cxd5 11. Bg5 Bb7 12. Nd1 Bd6 13. h3 Bf4 14. Bxf4 Qxf4 15. Re1 0-0 16. c4 d4 17. b4 Rfe8 18. f3 e5 19. Nf2 Nh5 20. Ne4 Bxe4 21. Qxe4 Qxe4 22. Bxe4 Rad8 23. Kf2 Nf4 24. h4 g6 25. g3 Nh5 26. Rad1 f5 27. Bc6 Re7 28. b5 axb5 29. cxb5 Nf6 30. a4 e4 31. a5 e3+ 32. Ke2 Nh5 33. Kd3 Nxg3 34. Kc4 Nf1 35. Rxd4 Nd2+ 36. Kd3 Rxd4+ 37. Kxd4 Nb3+ 38. Kd3 Nxa5 39. Bd5+ Kg7 40. Rxe3 Rd7 41. Kd4 Nb7 42. Ra3 Nd6 43. Kc5 Nxb5 44. Rb3 Nc7 45. Bc4 Re7 46. Rb8 Ne6+ 47. Kd6 Kf6 48. Rh8 h6 49. Rxh6 Nf4 50. h5 Nxh5 51. Rxg6+ Kxg6 52. Kxe7 Kg5 53. Ke6 Nf4+ 1/2-1/2

[Event "Budapest FS04 FM-A"]
[Site "Budapest"]
[Date "2003.??.??"]
[Round "1"]
[White "Szirmai, Eduard"]
[Black "Sallai, Kornel"]
[Result "1-0"]
[WhiteElo "2145"]
[BlackElo "2185"]
[PlyCount "90"]
[EventDate "2003.04.05"]
[EventType "tourn"]
[EventRounds "13"]
[EventCountry "HUN"]
[SourceTitle "EXT 2005"]
[Source "ChessBase"]
[SourceDate "2004.11.15"]
[SourceVersion "1"]
[SourceVersionDate "2004.11.15"]
[SourceQuality "1"]

1. d4 d5 2. c4 dxc4 3. e3 a6 4. Bxc4 Nf6 5. a4 e6 6. Nf3 Be7 7. 0-0 0-0 8. Nc3 c5 9. Qe2 Nbd7 10. Rd1 Re8 11. b3 b6 12. Bb2 Bb7 13. Rac1 Qb8 14. Bd3 Bd6 15. h3 e5 16. dxc5 Nxc5 17. Bc4 Bc6 18. Rc2 Ra7 19. Rcd2 Rd7 20. Ng5 Ree7 21. Ba3 e4 22. Bxc5 bxc5 23. h4 h6 24. Nh3 Bh2+ 25. Kh1 Rxd2 26. Rxd2 Be5 27. Qd1 Qc7 28. Nd5 Bxd5 29. Bxd5 Nxd5 30. Rxd5 c4 31. bxc4 Qxc4 32. g3 g6 33. Kg2 Kg7 34. Nf4 g5 35. hxg5 hxg5 36. Nh5+ Kg6 37. g4 f6 38. Rd7 Kf7 39. Ng7 Qc5 40. Nf5 Rxd7 41. Qxd7+ Kf8 42. Nh6 Qc4 43. Qd8+ Kg7 44. Nf5+ Kg6 45. Qf8 Qc7 1-0

[Event "Budapest FS08 FM"]
[Site "Budapest"]
[Date "2002.08.09"]
[Round "7"]
[White "Sallai, Kornel"]
[Black "Koczo, Kristof"]
[Result "0-1"]
[WhiteElo "2175"]
[BlackElo "2024"]
[PlyCount "103"]
[EventDate "2002.08.03"]
[EventType "tourn"]
[EventRounds "13"]
[EventCountry "HUN"]
[SourceTitle "CBM 089 Extra"]
[Source "ChessBase"]
[SourceDate "2002.09.10"]
[SourceVersion "2"]
[SourceVersionDate "2002.09.10"]
[SourceQuality "1"]

1. e4 c6 2. d4 d5 3. exd5 cxd5 4. c4 Nf6 5. Nc3 Nc6 6. cxd5 Nxd5 7. Bc4 Nb6 8. Bb5 e6 9. Nf3 Bd7 10. 0-0 Be7 11. Bf4 0-0 12. a3 Na5 13. Bd3 Nac4 14. Qe2 Rc8 15. Rac1 Bc6 16. Ne4 Bd5 17. Rfd1 Qd7 18. Nc5 Qc6 19. Ne5 Nxe5 20. Bxe5 Bxg2 21. Ne4 Bxe4 22. Rxc6 Bxc6 23. Qg4 g6 24. h4 Nd7 25. Bf4 Nf6 26. Qe2 Rfd8 27. Bc2 Rd5 28. Bb3 Bb5 29. Qe3 Bc4 30. Rc1 b5 31. Bxc4 bxc4 32. b3 Bxa3 33. Rxc4 Rdd8 34. Qc3 Rxc4 35. bxc4 Bf8 36. Be5 Ng4 37. Qa5 Rd7 38. Qb5 Nxe5 39. dxe5 Rd4 40. Kg2 h5 41. Qa6 Rxh4 42. c5 Bxc5 43. Qc8+ Bf8 44. Qa6 Re4 45. Qxa7 Rxe5 46. f3 Rf5 47. Qa8 Kg7 48. Qa1+ Kh7 49. Qa7 Bg7 50. Qb7 g5 51. Kh3 Rxf3+ 52. Qxf3 0-1